000 00323nam a22001697a 4500
005 20260317102222.0
008 260317b ||||| |||| 00| 0 eng d
082 _21
245 _aThe Lion King
264 1 _31
336 _21
337 _21
338 _21
526 _a000-099
655 _21
942 _2ddc
_cPER
_02
999 _c923
_d923